LEADER 00866nam0 22002891i 450 001 996531071403316 005 20230607123738.0 010 $a9788476356678 100 $a20200109d2022----||||0itac50 ba 101 $aspa 102 $aES 200 1 $aBreve historia del español de América$fJosé Luis Ramírez Luengo 205 $a5. ed 210 1 $aMadrid$cArco Libros$d2022 215 $a95 p.$d22 cm 225 2 $aCuadernos de lengua española$v93 410 0$aCuadernos de lengua española$v93 606 0 $aLingua spagnola$yAmerica latina$2BNCF 676 $a467.98 700 1$aRAMÍREZ LUENGO,$bJosé Luis$01358062 801 0$aIT$bcba$bcba$gREICAT 912 $a996531071403316 951 $aVI.5.D. 333$b283799 L.M.$cVI.5.D.$d555727 959 $aBK 969 $aUMA 996 $aBreve historia del español de América$93366102 997 $aUNISA LEADER 01015nam0 22003011i 450 001 VAN0019387 005 20050301120000.0 010 $a88-420-4256-0 100 $a20040709d1993 |0itac50 ba 101 $aita 102 $aIT 105 $a|||| ||||| 200 1 $aAtlante delle passioni$fa cura di Sergio Moravia 210 $aRoma$aBari$cLaterza$d1993 215 $a159 p.$d18 cm. 606 $aPassioni$3VANC009537$2FI 620 $dBari$3VANL000009 620 $dRoma$3VANL000360 676 $a152.4$v21 702 1$aAndreoli$bVittorino$3VANV015557 702 1$aMoravia$bSergio$3VANV010274 712 $aLaterza $3VANV107871$4650 801 $aIT$bSOL$c20230616$gRICA 899 $aBIBLIOTECA DEL DIPARTIMENTO DI PSICOLOGIA$1IT-CE0119$2VAN16 912 $aVAN0019387 950 $aBIBLIOTECA DEL DIPARTIMENTO DI PSICOLOGIA$d16CONS 1579 $e16VS 1276 20040709 996 $aAtlante delle passioni$9633573 997 $aUNICAMPANIA LEADER 01979nam0 22003611i 450 001 UON00294443 005 20231205103936.130 100 $a20070509d2007 |0itac50 ba 101 $aita 102 $aIT 105 $a|||| 1|||| 200 1 $aˆLa ‰Cina e l'Altro$eAtti dell' 9. Convegno dell'Associazione Italiana di Studi Cinesi, Napoli-Capri, 14-16 ottobre 2003$fa cura di Annamaria Palermo$gcon la collaborazione di Floriana Castiello 205 $aNapoli : Dipartimento di Studi Asiatici$b2007 210 $aXVI$d709 p.$cill. ; 22 cm 215 $aIn testa al front.: Università degli Studi di Napoli "L'Orientale" Dipartimento di Studi Asiatici. 606 $aCina$xCultura e civiltà$xCongressi$3UONC007496$2FI 606 $aSINOLOGIA$xCONGRESSI$xITALIA$3UONC013618$2FI 620 $aIT$dNapoli$3UONL000012 686 $aCIN GEN E I$cCINA - CONGRESSI - GENERALIA$2A 702 1$aPALERMO$bAnnamaria$3UONV009702 710 12$aConvegno dell'Associazione Italiana di Studi Cinesi$d14.$f2014$eNapoli$3UONV221756$0694664 712 02$aAssociazione Italiana di Studi Cinesi$cItalia$3UONV154685 712 02$aUniversità degli Studi di Napoli "L'Orientale"$bDipartimento di Studi Asiatici$3UONV046111 712 $aUniversità degli Studi di Napoli "L'Orientale". Dipartimento Asia Africa e Mediterraneo$3UONV246296$4650 790 1$aMERLINO PALERMO, Annamaria$zPALERMO, Annamaria$3UONV009724 791 02$aA.I.S.C.$zAssociazione Italiana di Studi Cinesi $3UONV154686 791 02$aItalian Association for Chinese Studies $yAssociazione Italiana di Studi Cinesi $3UONV232830 801 $aIT$bSOL$c20250418$gRICA 899 $aSIBA - SISTEMA BIBLIOTECARIO DI ATENEO$2UONSI 912 $aUON00294443 950 $aSIBA - SISTEMA BIBLIOTECARIO DI ATENEO$dSI CIN GEN E I 016 (09) $eSI SA 120544 7 016 (09) $sBuono 996 $aCina e l'Altro$91252534 997 $aUNIOR